000 00348nam a22001457a 4500
003 OSt
020 _a0596006764
040 _c0
082 _222
_a005.13
100 _aTate, Bruce A and Guhtland Justin.
245 _aBetter, Faster, Lighter Java /
260 _aCalifornia,
_bO'Reilly,
_cc2004.
300 _axvi, 243 p. ;
_bill. ;
942 _2ddc
_cIT
999 _c4516
_d4516